Central Library OPAC University of Rajshahi

Hindoo holiday : (Record no. 20922)

MARC details
000 -LEADER
fixed length control field 00806nam a2200241 a 4500
001 - CONTROL NUMBER
control field 20922
003 - CONTROL NUMBER IDENTIFIER
rucl marc code BD-RjUL
005 - DATE AND TIME OF LATEST TRANSACTION
control field 20211209000628.0
008 - FIXED-LENGTH DATA ELEMENTS--GENERAL INFORMATION
fixed length control field 140302s1932 enka 000 1 eng d
035 ## - SYSTEM CONTROL NUMBER
System control number (BD-RjUL)20984
040 ## - CATALOGING SOURCE
Original cataloging agency DLC
Transcribing agency GJG
Modifying agency BD-RjUL
Language of cataloging eng
041 ## - LANGUAGE CODE
Language code of text/sound track or separate title eng
082 0# - DEWEY DECIMAL CLASSIFICATION NUMBER
Classification number 928.2
Author mark and year ACH 1932
100 1# - MAIN ENTRY--PERSONAL NAME
Personal name Ackerley, J. R.
Fuller form of name (Joe Randolph),
Dates associated with a name 1896-1967.
9 (RLIN) 64636
245 10 - TITLE STATEMENT
Title Hindoo holiday :
Remainder of title an Indian journal /
Statement of responsibility, etc. by J. R. Ackerley.
260 ## - PUBLICATION, DISTRIBUTION, ETC. (IMPRINT)
Place of publication, distribution, etc. London :
Name of publisher, distributor, etc. Chatto & Windus,
Date of publication, distribution, etc. 1932.
300 ## - PHYSICAL DESCRIPTION
Pagination xi, 341p. :
Illustrations ill. ;
Size 21 cm.
600 10 - SUBJECT ADDED ENTRY--PERSONAL NAME
Personal name Ackerley, J. R.
Fuller form of name (Joe Randolph),
Dates associated with a name 1896-1967
Geographic subdivision Travel
-- India.
650 #0 - SUBJECT ADDED ENTRY--TOPICAL TERM
Topical term or geographic name as entry element British
Geographic subdivision India
General subdivision History
Chronological subdivision 20th century.
9 (RLIN) 64638
651 #0 - SUBJECT ADDED ENTRY--GEOGRAPHIC NAME
Geographic name India
General subdivision Social life and customs
Chronological subdivision 20th century.
9 (RLIN) 64639
942 ## - ADDED ENTRY ELEMENTS (KOHA)
Source of classification or shelving scheme Dewey Decimal Classification
Koha item type Books
Holdings
Lost status Source of classification or shelving scheme Damaged status Not for loan Collection code Permanent Location Current Location Shelving location Date acquired Source of acquisition Cost, normal purchase price Total Checkouts Full call number Date last seen Copy number Koha item type
  Dewey Decimal Classification   Added to bundle Fiction Central Library, University of Rajshahi Central Library, University of Rajshahi Reading Room 30/12/1963 Zeittinger 18.70   928.2 ACH 1932 02/03/2014 C-1 Books